00695nam a22001817a 4500003000900000008004100009020001800050040007100068082002300139110003800162245006200200260003600262300002800298440003800326505012300364650001300487650001300500AR-CdUCM190514b ||||| |||| 00| 0 spa d a968-816-014-8 aMUNICIPALIDAD PROVINCIAL DEL CUSCOcBIBLIOTECA MUNICIPAL DEL CUSCO 22ed.a923.1 /bJ34 aDepartamento del distrito federal a18 de julio de 1872 muerte del presidente Benito Juarez / aMéxico :bLa nación,c1983. a158 páginas ;c22 cm. aConciencia cívica nacional ;n3 aContenido: El presidente Juárez -- Discurso pronunciado a nombre del ayuntamiento en el panteón de San Fernando... aHistoria aMéxico